Top 10 Brazilian Soccer Players of All Time - Statistics

General Stats
  • This quiz has been taken 368 times
  • The average score is 6 of 10
Answer Stats
Hint Answer % Correct
CF Pele
95%
ST Ronaldo
92%
LW Ronaldinho
87%
LB Roberto Carlos
80%
RW Garrincha
62%
CAM Zico
51%
CF Romario
44%
RW Jairzinho
40%
RB Dani Alves
25%
RW Rivellino
10%
No matching quizzes found
Score Distribution
Percent of People with Each Score
Percentile by Number Answered
Your Score History
You have not taken this quiz